Μοντέλα και Μέθοδοι για Τις Επιστήμες της Συμπεριφοράς (Record no. 189)
[ view plain ]
| 000 -LEADER | |
|---|---|
| fixed length control field | 01440cam a22002174a 4500 |
| 005 - ΗΜΕΡΟΜΗΝΙΑ ΚΑΙ ΩΡΑ ΤΕΛΕΥΤΑΙΑΣ ΕΝΗΜΕΡΩΣΗΣ | |
| Πεδίο ελέγχου | 20250605163927.0 |
| 008 - FIXED-LENGTH DATA ELEMENTS--GENERAL INFORMATION | |
| Πεδίο ελέγχου σταθερού μήκους | 250528s ||||||||||||||||||||||||d |
| 035 ## - SYSTEM CONTROL NUMBER | |
| System control number | 14565 |
| 020 ## - ISBN | |
| ISBN | 9603440469 |
| 040 ## - ΠΗΓΗ ΚΑΤΑΛΟΓΟΓΡΑΦΗΣΗΣ | |
| Φορέας πρωτότυπης καταλογογράφησης | MC Athens Campus Library |
| Γλώσσα καταλογογράφησης | Ελληνικά, Μοντέρνα (1453-) |
| Modifying agency | MC Athens Campus Library |
| Κανόνες περιγραφικής καταλογογράφησης | AACR2 |
| 245 1# - ΤΙΤΛΟΣ ΚΑΙ ΔΗΛΩΣΗ ΥΠΕΥΘΥΝΟΤΗΤΑΣ | |
| Τίτλος | Μοντέλα και Μέθοδοι για Τις Επιστήμες της Συμπεριφοράς |
| 250 ## - EDITION STATEMENT | |
| Edition statement | 3η |
| 260 ## - PUBLICATION, DISTRIBUTION, ETC. | |
| Name of publisher, distributor, etc. | Ελληνικά Γράμματα, |
| Date of publication, distribution, etc. | 1999 |
| 300 ## - PHYSICAL DESCRIPTION | |
| Extent | 64 |
| 520 ## - SUMMARY, ETC. | |
| Summary, etc. | Το παρόν βιβλίο είναι το δεύτερο από τα τέσσερα τεύχη της ομάδας βιβλίων για τον Πειραματικό Σχεδιασμό και τις Μεθόδους Έρευνας στην Ψυχολογία. Ερωτήσεις που Μπορούν να Απαντηθούν, Μοντέλα για να Εξηγηθούν οι Παρατηρήσεις, Μοντέλα Μέτρησης, Παρατήρηση και Πείραμα, Προβλήματα στη Συλλογή Δεδομένων: Αντικειμενικότητα και Αντιδραστικότητα και Δειγματοληψία, Διαχωρίσμος Σημαντικών Παραγόντων, Ευρετήριο Όρων, Απαντήσεις στις Ερωτήσεις Αυτο-Αξιολόγησης. |
| 700 1# - ΠΡΟΣΘΕΤΗ ΑΝΑΓΡΑΦΗ--ΦΥΣΙΚΟ ΠΡΟΣΩΠΟ | |
| Personal name | Macrae Sandy |
| 9 (RLIN) | 274 |
| 700 1# - ΠΡΟΣΘΕΤΗ ΑΝΑΓΡΑΦΗ--ΦΥΣΙΚΟ ΠΡΟΣΩΠΟ | |
| Personal name | Βελλή Θεώνη |
| 9 (RLIN) | 275 |
| 942 ## - ADDED ENTRY ELEMENTS (KOHA) | |
| Koha item type | Books |
| Τύπος τεκμηρίου | Βιβλιοθήκη | Τρέχουσα τοποθεσία | Barcode | Αριθμός εισαγωγής | Ημερομηνία απόκτησης | Ταξιθετικό σύμβολο | Αριθμός αντιτύπου | Κατάσταση απόσυρσης | Κατάσταση χαμένου | Κατάσταση κατεστραμμένου | Μη δανεισμός | Σύνολο δανεισμών | Ημερομηνία τελευταίας εμφάνισης | Η τιμή ισχύει από |
|---|---|---|---|---|---|---|---|---|---|---|---|---|---|---|
| Books | MC Athens Campus Library | MC Athens Campus Library | 9780000001887 | 2188 | 05/06/2025 | 150.724 MAC | 3 | 05/06/2025 | 05/06/2025 |